[Event "24th ECh U20"]
[Site "Siofok HUN"]
[Date "1996.??.??"]
[Round "5"]
[White "Luukkonen, Tommi"]
[Black "Lerch, Patrice"]
[Result "1-0"]
[WhiteElo "2130"]
[BlackElo "2330"]
[EventDate "1996.08.30"]
[PlyCount "111"]

1.e4 c5 2.Nf3 Nc6 3.d4 cxd4 4.Nxd4 Nf6 5.Nc3 e6 6.Nxc6 bxc6 7.e5 Nd5 8.Ne4
f5 9.Nd6+ Bxd6 10.exd6 Qa5+ 11.Bd2 Qb6 12.b3 Qd4 13.c4 Nc3 14.Qh5+ g6 15.
Qf3 Ne4 16.Rd1 Nxd2 17.Rxd2 Qe5+ 18.Be2 Bb7 19.O-O Rb8 20.Qh3 Qf4 21.Qc3 
O-O 22.c5 Qg5 23.f4 Qd8 24.Bc4 a5 25.a3 Ra8 26.b4 Ba6 27.Bxa6 Rxa6 28.Qc4 
Qa8 29.b5 cxb5 30.Qxb5 Qa7 31.Rb1 Rc6 32.Rc1 Rb8 33.Qc4 Rbc8 34.Qd4 Rxc5 
35.Rc4 Qb6 36.Rb2 Qxb2 37.Qxb2 Rxc4 38.Qb7 Rc1+ 39.Kf2 R1c2+ 40.Kg3 R8c3+ 
41.Kh4 Rc8 42.Qxd7 Rf8 43.Qxe6+ Rf7 44.Qe8+ Rf8 45.d7 Rd2 46.h3 a4 47.g4 
fxg4 48.hxg4 Rd1 49.f5 gxf5 50.gxf5 Rh1+ 51.Kg3 Rg1+ 52.Kf2 Rd1 53.f6 Rd6 
54.Ke3 Rd1 55.Qe6+ Kh8 56.Ke2 1-0

[Event "24th ECh U20"]
[Site "Siofok HUN"]
[Date "1996.??.??"]
[Round "5"]
[White "Sylvan, Jacob"]
[Black "Avdic, Adnan"]
[Result "0-1"]
[WhiteElo "2285"]
[BlackElo "2090"]
[EventDate "1996.08.30"]
[PlyCount "66"]

1.e4 c5 2.Nf3 d6 3.d4 cxd4 4.Nxd4 Nf6 5.Nc3 a6 6.Bg5 e6 7.f4 Nbd7 8.Qf3 
Qc7 9.O-O-O b5 10.Bd3 Bb7 11.Rhe1 Be7 12.Qg3 b4 13.Nd5 exd5 14.exd5 Kd8 
15.Qe3 Nb6 16.Nf5 Nbxd5 17.Qe2 Rc8 18.Kb1 h6 19.Bh4 Qd7 20.Nxg7 Rc7 21.Nf5
Bf8 22.Ne3 Be7 23.Nf5 Re8 24.Qf2 Ng8 25.Ng7 Rf8 26.Be4 Qb5 27.Nf5 Nc3+ 28.
Ka1 Nxe4 29.Nxd6 Rd7 30.Bxe7+ Nxe7 31.Qd4 Qc6 32.Qxb4 Kc7 33.Qa5+ Kb8 0-1

[Event "24th ECh U20"]
[Site "Siofok HUN"]
[Date "1996.??.??"]
[Round "6"]
[White "Nisipeanu, Liviu-Dieter"]
[Black "Ruck, Robert"]
[Result "1-0"]
[WhiteElo "2500"]
[BlackElo "2465"]
[EventDate "1996.08.30"]
[PlyCount "99"]

1.e4 c5 2.Nf3 d6 3.d4 cxd4 4.Nxd4 Nf6 5.Nc3 a6 6.Be2 Nbd7 7.Be3 b5 8.a4 
bxa4 9.Rxa4 Bb7 10.Nb3 Bc6 11.Rxa6 Rxa6 12.Bxa6 Nxe4 13.Nxe4 Bxe4 14.f3 
Bc6 15.Qa1 Qa8 16.O-O g6 17.Nd4 Bg7 18.Bb5 Bxd4 19.Bxd4 e5 {[#]} 20.Qxa8+ 
Bxa8 21.Bxe5 dxe5 22.Rd1 Ke7 23.Rxd7+ Ke6 24.Ra7 f5 25.Kf2 Rd8 26.Bd3 Bc6 
27.Ra6 Kd5 28.b4 Rb8 29.c4+ Kd4 30.Be2 Be8 31.Rd6+ Kc3 32.b5 Kb4 33.Re6 
Bf7 34.Rxe5 Bxc4 35.Bxc4 Kxc4 36.Ke3 Ra8 37.b6 Rb8 38.Re7 Rxb6 39.Rxh7 g5 
40.Rg7 Rb3+ 41.Kf2 f4 42.Rxg5 Rb2+ 43.Ke1 Rb1+ 44.Kd2 Rb2+ 45.Kc1 Ra2 46.
h4 Kc3 47.Kd1 Kd3 48.Ke1 Ke3 49.Re5+ Kd3 50.Kf1 1-0

[Event "24th ECh U20"]
[Site "Siofok HUN"]
[Date "1996.??.??"]
[Round "6"]
[White "Parker, Jonathan"]
[Black "Shariazdanov, Andrei"]
[Result "0-1"]
[WhiteElo "2470"]
[BlackElo "2470"]
[EventDate "1996.08.30"]
[PlyCount "128"]

1.d4 Nf6 2.c4 e6 3.Nf3 b6 4.Nc3 Bb4 5.Bg5 Bb7 6.e3 h6 7.Bh4 Bxc3+ 8.bxc3 
d6 9.Nd2 g5 10.Bg3 Qe7 11.c5 dxc5 12.Bb5+ Kf8 13.O-O Nbd7 14.e4 Rc8 15.Qe2
cxd4 16.cxd4 e5 17.dxe5 Nxe5 18.f4 Ng6 19.fxg5 hxg5 20.Bc4 Rh7 21.e5 Nd5 
22.Qe4 Kg8 23.Rae1 b5 24.Bb3 Rd8 25.e6 Qxe6 26.Qxe6 fxe6 27.Ne4 Re7 28.
Nxg5 Rde8 29.Ne4 Kg7 30.Nc5 Ba8 31.Be5+ Nxe5 32.Rxe5 a5 33.Bc2 Nb4 34.Bb1 
Bd5 35.Rf4 Kg8 36.a3 Nc6 37.Rh5 Rg7 38.g3 b4 39.axb4 axb4 40.Rfh4 Kf7 41.
Nd3 Ra8 42.Rf4+ Kg8 43.Nxb4 Ra1 44.Nxd5 Rxb1+ 45.Rf1 Rxf1+ 46.Kxf1 exd5 
47.Rxd5 Kf8 48.Rc5 Nd4 49.Kg2 Ne6 50.Rc6 Ke7 51.h4 Kd7 52.Ra6 Rg8 53.Ra4 
c5 54.g4 Kd6 55.h5 Kd5 56.Kf3 c4 57.h6 Kd4 58.Ra6 Ng5+ 59.Ke2 Re8+ 60.Kd1 
Kd3 61.Rd6+ Kc3 62.Ra6 Re4 63.Ra3+ Kb2 64.Rg3 c3 0-1

[Event "24th ECh U20"]
[Site "Siofok HUN"]
[Date "1996.??.??"]
[Round "6"]
[White "Diachkov, Sergei"]
[Black "Del Rio Angelis, Salvador Gabriel"]
[Result "1-0"]
[WhiteElo "2515"]
[BlackElo "2325"]
[EventDate "1996.08.30"]
[PlyCount "77"]

1.Nf3 e6 2.g3 Nf6 3.Bg2 b6 4.c4 Bb7 5.d4 Be7 6.O-O O-O 7.Nc3 Ne4 8.Qc2 
Nxc3 9.Qxc3 c5 10.Rd1 Bf6 11.Qd3 d5 12.cxd5 Qxd5 13.Ne1 Qd7 14.dxc5 Bxg2 
15.Kxg2 Qb7+ 16.Qf3 Qxf3+ 17.Nxf3 bxc5 18.Rb1 Na6 19.Bg5 Bxg5 20.Nxg5 Rfd8
21.Rbc1 h6 22.Ne4 Rxd1 23.Rxd1 Rb8 24.b3 Nb4 25.Rd2 Rb5 26.a4 Rb8 27.Nxc5 
Rc8 28.Rd4 Rxc5 29.Rxb4 a5 30.Rb5 Rc3 31.h4 f5 32.Rb7 Kf8 33.h5 f4 34.gxf4
Rc5 35.Rb5 Rxb5 36.axb5 Ke7 37.e4 Kd6 38.e5+ Kc5 39.f5 1-0

[Event "24th ECh U20"]
[Site "Siofok HUN"]
[Date "1996.??.??"]
[Round "6"]
[White "Gyimesi, Zoltan"]
[Black "Szuk, Balazs"]
[Result "1-0"]
[WhiteElo "2480"]
[BlackElo "2350"]
[EventDate "1996.08.30"]
[PlyCount "51"]

1.d4 Nf6 2.c4 g6 3.Nc3 Bg7 4.e4 d6 5.Be2 O-O 6.Be3 e5 7.d5 Ne8 8.g4 f5 9.
gxf5 gxf5 10.exf5 Bxf5 11.Nf3 Na6 12.Qd2 Nc5 13.Rg1 Qe7 14.O-O-O Kh8 15.
Ng5 Qd7 16.Rg3 a6 17.Rdg1 b5 18.Bg4 b4 19.Nce4 b3 20.a3 Nxe4 21.Nxe4 Qa4 
22.Bxf5 Rxf5 23.Qd3 Rb8 24.Ng5 e4 25.Qxe4 Qd7 26.Rf3 1-0

[Event "24th ECh U20"]
[Site "Siofok HUN"]
[Date "1996.??.??"]
[Round "6"]
[White "Zavoronkov, Vladimir"]
[Black "Zifroni, Dov"]
[Result "0-1"]
[WhiteElo "2265"]
[BlackElo "2490"]
[EventDate "1996.08.30"]
[PlyCount "62"]

1.e4 e6 2.d4 d5 3.Nc3 Nf6 4.Bg5 dxe4 5.Nxe4 Be7 6.Bxf6 gxf6 7.Nf3 Nd7 8.d5
Nb6 9.Bb5+ Kf8 10.Qd2 Kg7 11.d6 cxd6 12.O-O-O a6 13.Be2 d5 14.Ng3 Rg8 15.
Nh5+ Kh8 16.Bd3 Bd7 17.g4 Bb5 18.Rhg1 Bxd3 19.Qxd3 Rc8 20.g5 fxg5 21.Qd4+ 
f6 22.Nxg5 Rxg5 23.Rxg5 Qc7 24.c3 e5 25.Qg4 fxg5 26.Qe6 Rf8 27.Qh6 Rf7 28.
Qe6 Bd6 29.Rg1 Qe7 30.Qh6 e4 31.Rxg5 e3 0-1

[Event "24th ECh U20"]
[Site "Siofok HUN"]
[Date "1996.??.??"]
[Round "6"]
[White "Prohl, Holger"]
[Black "Macionis, Andrius"]
[Result "1-0"]
[WhiteElo "2400"]
[BlackElo "2295"]
[EventDate "1996.08.30"]
[PlyCount "145"]

1.e4 e5 2.Nc3 Nf6 3.g3 d5 4.exd5 Nxd5 5.Bg2 Nxc3 6.bxc3 Be7 7.Nf3 Nc6 8.
O-O O-O 9.Re1 Bd6 10.d3 Bg4 11.Bb2 Qd7 12.Qc1 Rfe8 13.Rb1 Rad8 14.c4 b6 
15.Bc3 f6 16.Nd2 Bf8 17.Nb3 Kh8 18.Qb2 Bh3 19.Nd2 Bc5 20.Nb3 Bb4 21.Bxb4 
Bxg2 22.Kxg2 Nxb4 23.Re3 Nc6 24.Rbe1 Ne7 25.f3 Nf5 26.R3e2 a5 27.Rf2 Qc6 
28.Nc1 Nd4 29.Ne2 Ne6 30.Nc3 Ng5 31.Ne4 Nf7 32.Nc3 Qd7 33.Qb5 Qc8 34.Ne4 
Nd6 35.Nxd6 Rxd6 36.f4 Rde6 37.Rfe2 Qb7+ 38.Qd5 Qxd5+ 39.cxd5 R6e7 40.fxe5
fxe5 41.c4 Kg8 42.Re4 Kf7 43.h4 g6 44.g4 h6 45.g5 hxg5 46.hxg5 Rh8 47.Rxe5
Rxe5 48.Rxe5 Rh4 49.Re6 Rd4 50.Rc6 Rxd3 51.Rxc7+ Kf8 52.Rb7 Rd4 53.Rxb6 
Rxc4 54.Rxg6 Rc2+ 55.Kf3 Rxa2 56.Ra6 a4 57.Kf4 a3 58.Kf5 Rf2+ 59.Kg6 a2 
60.d6 Ke8 61.Ra7 Kd8 62.Kh6 Kc8 63.g6 Kb8 64.Ra3 Kc8 65.g7 Rh2+ 66.Kg6 
Rg2+ 67.Kf7 Rf2+ 68.Ke6 Re2+ 69.Kf5 Rf2+ 70.Ke5 Re2+ 71.Kf4 Rg2 72.Ra8+ 
Kb7 73.d7 1-0

[Event "24th ECh U20"]
[Site "Siofok HUN"]
[Date "1996.??.??"]
[Round "6"]
[White "Zulfugarli, Mahomed"]
[Black "Mchedlishvili, Mikheil"]
[Result "1/2-1/2"]
[WhiteElo "2325"]
[BlackElo "2370"]
[EventDate "1996.08.30"]
[PlyCount "47"]

1.e4 c5 2.Nf3 Nc6 3.c3 d5 4.exd5 Qxd5 5.d4 Bg4 6.Be2 cxd4 7.cxd4 e6 8.Nc3 
Qa5 9.h3 Bh5 10.d5 exd5 11.Nd4 Nxd4 12.Bxh5 Nc6 13.O-O Nf6 14.Bg5 Be7 15.
Bxf6 Bxf6 16.Re1+ Kf8 17.Qb3 Qb6 18.Qxb6 axb6 19.Nxd5 Bd4 20.Nc7 Rd8 21.
Re2 g6 22.Bf3 Kg7 23.Rae1 Bc5 24.Nb5 1/2-1/2

[Event "24th ECh U20"]
[Site "Siofok HUN"]
[Date "1996.??.??"]
[Round "6"]
[White "Belozerov, Andrei"]
[Black "Gabrielsen, Stig"]
[Result "1-0"]
[WhiteElo "2455"]
[BlackElo "2225"]
[EventDate "1996.08.30"]
[PlyCount "85"]

1.d4 Nf6 2.c4 g6 3.Nc3 Bg7 4.e4 d6 5.Nf3 O-O 6.Be2 e5 7.O-O Nc6 8.d5 Ne7 
9.Ne1 Ne8 10.Be3 f5 11.f3 f4 12.Bf2 h5 13.c5 g5 14.a4 Ng6 15.a5 Rf7 16.
cxd6 Nxd6 17.Nd3 Bh6 18.Nc5 a6 19.b4 Qf6 20.Kh1 Nf8 21.b5 Rg7 22.bxa6 bxa6
23.Qa4 g4 24.Rfb1 g3 25.Bg1 Qg6 26.Bf1 h4 27.Ra2 h3 28.Qc6 Ra7 29.Rb8 Kh7 
{[#]} 30.Rxc8 Nxc8 31.Qxg6+ Rxg6 32.Nd3 Rb7 33.Nxe5 Bg7 34.Nxg6 Nxg6 35.
Bxa6 Rb8 36.Bxc8 Bxc3 37.Bf5 Rb1 38.gxh3 Bd4 39.Rg2 Bf2 40.hxg3 fxg3 41.a6
Kh6 42.Bxg6 Kxg6 43.a7 1-0

[Event "24th ECh U20"]
[Site "Siofok HUN"]
[Date "1996.??.??"]
[Round "6"]
[White "Hausrath, Daniel"]
[Black "Moor, Roger"]
[Result "1-0"]
[WhiteElo "2440"]
[BlackElo "2240"]
[EventDate "1996.08.30"]
[PlyCount "89"]

1.d4 Nf6 2.c4 g6 3.Nc3 d5 4.cxd5 Nxd5 5.Bd2 Bg7 6.e4 Nb6 7.Be3 O-O 8.a4 a5
9.Be2 f5 10.exf5 Bxf5 11.Nf3 Nc6 12.O-O Nb4 13.Rc1 Kh8 14.Ne5 Be6 15.Bg4 
Bf5 16.Bxf5 Rxf5 17.Qg4 Nd7 18.Qxf5 gxf5 19.Nf7+ Kg8 20.Nxd8 Rxd8 21.Rfd1 
Nb6 22.g3 Rd7 23.Kg2 e6 24.b3 Nc6 25.Ne2 Nd5 26.h3 h5 27.Kf3 Kf7 28.g4 
hxg4+ 29.hxg4 fxg4+ 30.Kxg4 Nde7 31.Rc5 e5 32.d5 b6 33.Rcc1 Nb4 34.d6 cxd6
35.Bxb6 Nbc6 36.Be3 Ke6 37.Ng3 Rb7 38.Ne4 Rb4 39.Rc4 d5 40.Rxb4 Nxb4 41.
Nc5+ Kf7 42.Bd2 e4 43.Bxb4 axb4 44.a5 Be5 45.Nd7 1-0

[Event "24th ECh U20"]
[Site "Siofok HUN"]
[Date "1996.??.??"]
[Round "6"]
[White "Chekurov, Viacheslav"]
[Black "Mifsud, Timothy"]
[Result "1-0"]
[WhiteElo "2425"]
[BlackElo "2230"]
[EventDate "1996.08.30"]
[PlyCount "51"]

1.e4 c5 2.Nf3 Nc6 3.Bb5 e6 4.Bxc6 bxc6 5.O-O Ne7 6.b3 Ng6 7.Bb2 Qc7 8.Re1 
e5 9.c3 d6 10.d4 cxd4 11.cxd4 Be7 12.Nbd2 O-O 13.Rc1 a5 14.Qc2 Bb7 15.Nc4 
f6 16.Ne3 Rfd8 17.Nd2 a4 18.Nd5 Qa5 19.Nc4 Qa7 20.Ndb6 axb3 21.Qxb3 Qxa2 
22.Qc2 Qa7 23.Ra1 Qb8 24.Nxa8 Bxa8 25.Reb1 d5 26.Bc3 1-0

[Event "24th ECh U20"]
[Site "Siofok HUN"]
[Date "1996.??.??"]
[Round "6"]
[White "Antoniewski, Rafal"]
[Black "Gelbmann, Norbert"]
[Result "1-0"]
[WhiteElo "2350"]
[BlackElo "2300"]
[EventDate "1996.08.30"]
[PlyCount "73"]

1.e4 c5 2.Nf3 d6 3.d4 cxd4 4.Nxd4 Nf6 5.Nc3 a6 6.Be2 e5 7.Nb3 Be7 8.O-O 
Be6 9.a4 Nbd7 10.Be3 O-O 11.Qd2 Qc7 12.a5 Rac8 13.Rfc1 Qc6 14.Bf3 Bc4 15.
Ra4 Bb5 16.Rb4 Nc5 17.Nxb5 axb5 18.Qe2 Ncxe4 19.c4 d5 20.cxd5 Qxd5 21.Rxb5
Qd7 22.Rxe5 Bd6 23.Rxe4 Rxc1+ 24.Nxc1 Nxe4 25.Bxe4 Qa4 26.Qc2 Qxa5 27.g3 
f5 28.Bxb7 Kh8 29.Ne2 Qb4 30.Bd5 Be5 31.b3 Qd6 32.Qc5 Qf6 33.Bg5 Bd6 34.
Bxf6 Bxc5 35.Bc3 Rd8 36.Bc4 Rb8 37.Nd4 1-0

[Event "24th ECh U20"]
[Site "Siofok HUN"]
[Date "1996.??.??"]
[Round "6"]
[White "Lerch, Patrice"]
[Black "Sirigos, Nikolaos"]
[Result "0-1"]
[WhiteElo "2330"]
[BlackElo "2290"]
[EventDate "1996.08.30"]
[PlyCount "76"]

1.e4 c5 2.Nc3 Nc6 3.g3 g6 4.Bg2 Bg7 5.d3 d6 6.f4 Rb8 7.Nf3 b5 8.O-O b4 9.
Ne2 e5 10.f5 Nf6 11.h3 d5 12.Nd2 gxf5 13.exf5 h5 14.c4 bxc3 15.bxc3 Bh6 
16.Nf3 Bxc1 17.Qxc1 Qd6 18.Nd2 Ne7 19.Qa3 Bxf5 20.Rf3 e4 21.Re3 exd3 22.
Nd4 Be4 23.Bxe4 dxe4 24.Kf2 Qd5 25.N4b3 Qf5+ 26.Kg1 Ned5 27.Nxe4 Nxe4 28.
Qa4+ Kf8 29.Qxe4 Nxe3 30.Qxe3 Re8 31.Qxc5+ Qxc5+ 32.Nxc5 Rc8 33.Nxd3 Rxc3 
34.Rd1 Kg7 35.Nf4 Rxg3+ 36.Kf2 Ra3 37.Rd7 Rb8 38.Nxh5+ Kh6 0-1

[Event "24th ECh U20"]
[Site "Siofok HUN"]
[Date "1996.??.??"]
[Round "6"]
[White "Quinn, Mark"]
[Black "Maros, Milan"]
[Result "1-0"]
[WhiteElo "2350"]
[BlackElo "2255"]
[EventDate "1996.08.30"]
[PlyCount "97"]

1.c4 e6 2.Nc3 d5 3.d4 Be7 4.Nf3 Nf6 5.Bg5 O-O 6.cxd5 exd5 7.e3 c6 8.Qc2 
Nbd7 9.Bd3 Re8 10.h3 Nf8 11.Bf4 Ne6 12.Be5 g6 13.O-O-O Ng7 14.g4 b5 15.Kb1
a5 16.Ne2 Bb7 17.Nd2 Rc8 18.Rc1 Nd7 19.Bg3 Qb6 20.Nc3 c5 21.Bxb5 cxd4 22.
Bxd7 Rxc3 23.Qa4 Ra8 24.exd4 Rxc1+ 25.Rxc1 Ne6 26.Nb3 Ba6 27.Qc6 Qxc6 28.
Bxc6 Rc8 29.Bxd5 Bd3+ 30.Ka1 Rxc1+ 31.Nxc1 Bf1 32.Bxe6 fxe6 33.h4 Bf6 34.
Nb3 a4 35.Nc5 Bc4 36.Nxa4 Bxd4 37.Kb1 Bb5 38.b3 Bd3+ 39.Kc1 h5 40.g5 Kf7 
41.Nb2 Bxb2+ 42.Kxb2 Ke7 43.Kc3 Be2 44.Kd4 Kd7 45.Kc5 Kc8 46.Kb6 Bd3 47.b4
Bc2 48.b5 Ba4 49.Ka6 1-0

[Event "24th ECh U20"]
[Site "Siofok HUN"]
[Date "1996.??.??"]
[Round "6"]
[White "Chytilek, Roman"]
[Black "Schacher, Gerd"]
[Result "1-0"]
[WhiteElo "2340"]
[BlackElo "2235"]
[EventDate "1996.08.30"]
[PlyCount "59"]

1.e4 c5 2.Nf3 d6 3.d4 cxd4 4.Nxd4 Nf6 5.Nc3 a6 6.f4 Qc7 7.Qf3 g6 8.Be3 Bg7
9.h3 Nbd7 10.O-O-O O-O 11.g4 e5 12.Nb3 exf4 13.Bxf4 Ne5 14.Bxe5 dxe5 15.g5
Nh5 16.Nd5 Qd8 17.Nf6+ Bxf6 18.Rxd8 Bxd8 19.h4 b5 20.Bh3 Bb6 21.Kb1 Rd8 
22.Nc1 Nf4 23.Bxc8 Raxc8 24.Nd3 Nxd3 25.cxd3 Rc6 26.h5 Bd4 27.Qh3 Rc7 28.
hxg6 fxg6 29.Qe6+ Rf7 30.Rxh7 1-0

[Event "24th ECh U20"]
[Site "Siofok HUN"]
[Date "1996.??.??"]
[Round "6"]
[White "Vasilev, Milen"]
[Black "Sylvan, Jacob"]
[Result "1/2-1/2"]
[WhiteElo "2250"]
[BlackElo "2285"]
[EventDate "1996.08.30"]
[PlyCount "158"]

1.d4 d5 2.Nf3 c6 3.c3 Nf6 4.Bg5 Ne4 5.Bh4 Bf5 6.Nbd2 Qb6 7.Qb3 Nd7 8.Nxe4 
Bxe4 9.e3 e6 10.Nd2 Bg6 11.Be2 Bd6 12.O-O O-O 13.Bg3 Bxg3 14.hxg3 Qc7 15.
f4 Nf6 16.g4 h6 17.Rf2 Ne4 18.Nxe4 Bxe4 19.Qd1 f5 20.Bf3 Bxf3 21.Qxf3 Qf7 
22.g3 Qg6 23.gxf5 exf5 24.Rg2 Rae8 25.Re1 Rf6 26.Kf2 Rfe6 27.g4 fxg4 28.
Qxg4 Qxg4 29.Rxg4 R8e7 30.Rg3 Rf6 31.Rh1 Kh7 32.Rh5 Ref7 33.Ke2 Rg6 34.
Rxg6 Kxg6 35.Re5 Kf6 36.b3 Re7 37.Rh5 b5 38.Kf3 Kg6 39.Rh1 Rc7 40.c4 bxc4 
41.bxc4 Rb7 42.cxd5 cxd5 43.Rc1 Rd7 44.a4 Kf6 45.Rc6+ Kf5 46.Rc8 g5 47.
Rf8+ Kg6 48.fxg5 hxg5 49.Re8 Kh5 50.e4 dxe4+ 51.Kxe4 Rg7 52.Kf5 Rf7+ 53.
Ke6 Rf4 54.Rh8+ Kg4 55.Ke5 Rf1 56.d5 Re1+ 57.Kf6 Rf1+ 58.Ke7 Re1+ 59.Kd7 
Kf3 60.Rf8+ Kg3 61.d6 g4 62.Kc7 Rc1+ 63.Kd8 Ra1 64.d7 Rxa4 65.Ke7 Re4+ 66.
Kd6 Rd4+ 67.Ke6 Rxd7 68.Kxd7 Kh2 69.Rh8+ Kg2 70.Ke6 g3 71.Ke5 Kf2 72.Rf8+ 
Ke2 73.Rg8 Kf2 74.Kd4 g2 75.Rf8+ Ke2 76.Rg8 Kf2 77.Kd3 g1=Q 78.Rxg1 Kxg1 
79.Kc3 Kf2 1/2-1/2

[Event "24th ECh U20"]
[Site "Siofok HUN"]
[Date "1996.??.??"]
[Round "6"]
[White "Soln, Primoz"]
[Black "Nilsson, Mattias"]
[Result "1/2-1/2"]
[WhiteElo "2330"]
[BlackElo "2145"]
[EventDate "1996.08.30"]
[PlyCount "67"]

1.d4 Nf6 2.c4 g6 3.Nc3 Bg7 4.e4 d6 5.h3 O-O 6.Bg5 Nbd7 7.Bd3 e5 8.d5 c6 9.
Nge2 Qb6 10.Rb1 cxd5 11.cxd5 Nc5 12.Bc2 a5 13.O-O Bd7 14.b3 Rac8 15.a3 Nh5
16.b4 axb4 17.axb4 Na6 18.Ba4 Qc7 19.Bxd7 Qxd7 20.Na4 Rc7 21.b5 Nc5 22.b6 
Rcc8 23.Nxc5 Rxc5 24.Be3 Rcc8 25.Qb3 f5 26.f3 Nf6 27.Nc3 h5 28.Rfc1 Kh7 
29.Qb4 fxe4 30.fxe4 Bh6 31.Bxh6 Kxh6 32.Nd1 Qe7 33.Qd2+ Kg7 34.Nf2 1/2-1/2

[Event "24th ECh U20"]
[Site "Siofok HUN"]
[Date "1996.??.??"]
[Round "6"]
[White "Barva, Attila"]
[Black "Luukkonen, Tommi"]
[Result "1-0"]
[WhiteElo "2250"]
[BlackElo "2130"]
[EventDate "1996.08.30"]
[PlyCount "43"]

1.d4 g6 2.Nf3 Bg7 3.Bf4 Nf6 4.Nc3 O-O 5.Qd2 c5 6.d5 d6 7.h4 b5 8.Bh6 b4 9.
Nd1 e6 10.Bxg7 Kxg7 11.dxe6 fxe6 12.g3 Bb7 13.Bg2 Nc6 14.Ne3 Ne4 15.Qd3 
Ne5 16.Qb5 Rb8 17.Nxe5 dxe5 18.O-O Nd2 19.Rfd1 Bxg2 20.Qxc5 Qf6 21.Ng4 Ne4
22.Rd7+ {[#]} 1-0

[Event "24th ECh U20"]
[Site "Siofok HUN"]
[Date "1996.??.??"]
[Round "6"]
[White "Avdic, Adnan"]
[Black "Praet, Maarten"]
[Result "1/2-1/2"]
[WhiteElo "2090"]
[BlackElo "2235"]
[EventDate "1996.08.30"]
[PlyCount "123"]

1.e4 c5 2.Nf3 g6 3.d4 cxd4 4.Nxd4 Bg7 5.Nc3 Nc6 6.Be3 Nf6 7.Bc4 Qa5 8.O-O 
O-O 9.Bb3 d6 10.f3 Bd7 11.Qd2 Rac8 12.Rad1 Qh5 13.Nde2 Qa5 14.Nf4 b5 15.
Nd3 Rc7 16.g4 Rfc8 17.Qg2 b4 18.Ne2 Ne5 19.Nxe5 dxe5 20.Rd2 Ba4 21.Nc1 Bf8
22.Rfd1 e6 23.Kh1 Nd7 24.Nd3 Bb5 25.Qg3 Bxd3 26.Rxd3 Bc5 27.Bxc5 Nxc5 28.
Qxe5 Rb7 29.Bc4 Qc7 30.Qxc7 Rbxc7 31.Rd8+ Kg7 32.b3 Kf6 33.R8d4 g5 34.Kg2 
Ke5 35.Kg3 Rb8 36.Rd6 Rbb7 37.Rd8 Rd7 38.R1xd7 Rxd7 39.Rb8 Rb7 40.Rc8 Kd4 
41.h4 gxh4+ 42.Kxh4 Nd7 43.Ba6 Rb6 44.Rd8 Rxa6 45.Rxd7+ Ke3 46.Rxf7 Rxa2 
47.Kg3 Rxc2 48.Rxh7 a5 49.g5 Rc1 50.Rf7 Rg1+ 51.Kh4 Kd3 52.Ra7 Ke3 53.Rxa5
Kxf3 54.Kh5 Kxe4 55.Rb5 Kf4 56.Kh6 e5 57.g6 Kf5 58.Rb6 e4 59.Kg7 e3 60.
Rb5+ Ke4 61.Rxb4+ Kd3 62.Rb8 1/2-1/2

[Event "24th ECh U20"]
[Site "Siofok HUN"]
[Date "1996.??.??"]
[Round "7"]
[White "Zifroni, Dov"]
[Black "Parker, Jonathan"]
[Result "1/2-1/2"]
[WhiteElo "2490"]
[BlackElo "2470"]
[EventDate "1996.08.30"]
[PlyCount "52"]

1.c4 e6 2.Nf3 d5 3.b3 Nf6 4.Bb2 Be7 5.e3 O-O 6.d4 b6 7.Bd3 Bb7 8.O-O Nbd7 
9.Nc3 a6 10.Rc1 Bd6 11.cxd5 exd5 12.Ne2 Qe7 13.Ng3 g6 14.Qe2 Rfe8 15.Rc2 
c6 16.Rfc1 a5 17.Nd2 a4 18.Re1 axb3 19.axb3 Ba3 20.Ba1 Bb4 21.Ngf1 Nf8 22.
Rd1 Ra5 23.Nf3 Rea8 24.Bb2 N6d7 25.e4 Ne6 26.exd5 cxd5 1/2-1/2

[Event "24th ECh U20"]
[Site "Siofok HUN"]
[Date "1996.??.??"]
[Round "7"]
[White "Quinn, Mark"]
[Black "Gyimesi, Zoltan"]
[Result "1/2-1/2"]
[WhiteElo "2350"]
[BlackElo "2480"]
[EventDate "1996.08.30"]
[PlyCount "175"]

1.Nf3 d5 2.d4 c5 3.c4 dxc4 4.e3 cxd4 5.Bxc4 Qc7 6.Qb3 e6 7.exd4 Nc6 8.O-O 
Bd7 9.Be2 Nf6 10.Nc3 Be7 11.Be3 O-O 12.Rac1 Rac8 13.h3 Rfd8 14.a3 Qb8 15.
Qa2 h6 16.Rfd1 Bd6 17.Bd3 Ne7 18.Ne5 Ned5 19.Nxd7 Rxd7 20.Ne4 Nxe4 21.Bxe4
Rxc1 22.Rxc1 Bf4 23.Bxd5 Rxd5 24.Qc4 Bxe3 25.Qc8+ Rd8 26.Qxb8 Bxf2+ 27.
Kxf2 Rxb8 28.Rc7 a5 29.d5 exd5 30.Rd7 b6 31.Rxd5 Rc8 32.Rb5 Rc6 33.a4 f5 
34.b4 axb4 35.Rxb4 Kf7 36.Rb5 Kf6 37.a5 bxa5 38.Rxa5 g5 39.Kf3 h5 40.Ra3 
Rd6 41.Rb3 Rd4 42.Rb6+ Ke5 43.Rb5+ Rd5 44.Rb3 Rd6 45.Rb5+ Kf6 46.Rb3 g4+ 
47.hxg4 hxg4+ 48.Kg3 Kg5 49.Rb5 Rd3+ 50.Kf2 g3+ 51.Ke2 Ra3 52.Rb8 Kg4 53.
Rg8+ Kf4 54.Rb8 Ra2+ 55.Kf1 Rf2+ 56.Kg1 Rd2 57.Kf1 Ke3 58.Re8+ Kd3 59.Rd8+
Kc2 60.Ra8 Kc1 61.Ra4 Kb2 62.Ra8 Rf2+ 63.Kg1 f4 64.Ra7 Kb3 65.Rf7 Kc4 66.
Rf5 Kd3 67.Rf8 Kd2 68.Re8 Re2 69.Rd8+ Ke1 70.Rd4 Rf2 71.Re4+ Kd2 72.Re8 
Kd3 73.Rf8 Ke4 74.Re8+ Kf5 75.Rf8+ Ke6 76.Re8+ Kf7 77.Ra8 Kg7 78.Ra6 Rb2 
79.Kf1 Kf7 80.Rc6 Rb1+ 81.Ke2 Rg1 82.Kf3 Rf1+ 83.Kg4 Rf2 84.Rc4 Rxg2 85.
Rxf4+ Kg6 86.Rf3 Rg1 87.Rxg3 Rxg3+ 88.Kxg3 1/2-1/2

[Event "24th ECh U20"]
[Site "Siofok HUN"]
[Date "1996.??.??"]
[Round "7"]
[White "Ruck, Robert"]
[Black "Petrov, Jole"]
[Result "1-0"]
[WhiteElo "2465"]
[BlackElo "2365"]
[EventDate "1996.08.30"]
[PlyCount "81"]

1.e4 e5 2.Nf3 Nc6 3.Bc4 Bc5 4.c3 Nf6 5.d4 exd4 6.O-O d6 7.cxd4 Bb6 8.Nc3 
Bg4 9.Be3 O-O 10.Bb3 Re8 11.Qd3 Bh5 12.Rae1 h6 13.Nd2 Ng4 14.h3 Nxe3 15.
fxe3 Bg6 16.Rf4 Ne7 17.Qf1 Rf8 18.Qf3 c5 19.Qf2 Nc6 20.Nf3 cxd4 21.exd4 
Ne5 22.Rd1 Bh5 23.Nd5 Rc8 24.Kh2 Nc6 25.g4 Bg6 26.Nxb6 axb6 27.Nh4 Qg5 28.
Rf1 Rc7 29.Nf5 Bxf5 30.Rxf5 Qe7 31.Re1 Nd8 32.Rb5 Ne6 33.Rxb6 Ng5 34.Bd5 
Rfc8 35.Re2 Ne6 36.Rb3 Kh8 37.Rf3 Ng5 38.Rf4 Re8 39.h4 Ne6 40.Rf3 Rec8 41.
Rxf7 1-0

[Event "24th ECh U20"]
[Site "Siofok HUN"]
[Date "1996.??.??"]
[Round "7"]
[White "Del Rio Angelis, Salvador Gabriel"]
[Black "Prohl, Holger"]
[Result "1-0"]
[WhiteElo "2325"]
[BlackElo "2400"]
[EventDate "1996.08.30"]
[PlyCount "81"]

1.e4 e6 2.d4 d5 3.Nc3 dxe4 4.Nxe4 Bd7 5.Nf3 Bc6 6.Bd3 Nd7 7.Qe2 Ngf6 8.
Neg5 h6 9.Nxe6 fxe6 10.Bg6+ Ke7 11.b3 Bxf3 12.Qxf3 Nb6 13.O-O Qd7 14.Qxb7 
c6 15.Qa6 Kd8 16.Bf4 Bb4 17.Qe2 Nfd5 18.Bg3 Rf8 19.Qe5 Bc3 20.Rad1 Kc8 21.
Rd3 Kb7 22.Be4 Rad8 23.a3 Qe7 24.Bf3 g5 25.Qe4 Rc8 26.b4 a6 27.Rb1 Nc4 28.
Rb3 Nd2 29.Rxd2 Bxd2 30.c4 Nf6 31.Qd3 g4 32.Be2 Bg5 33.c5 Ra8 {[#]} 34.b5 
axb5 35.Rxb5+ Kc8 36.Rb6 Qd7 37.Qb3 Kd8 38.Bd6 Rf7 39.Ba6 Ke8 40.Bb7 Qd8 
41.Qxe6+ 1-0

[Event "24th ECh U20"]
[Site "Siofok HUN"]
[Date "1996.??.??"]
[Round "7"]
[White "Macionis, Andrius"]
[Black "Chekurov, Viacheslav"]
[Result "1/2-1/2"]
[WhiteElo "2295"]
[BlackElo "2425"]
[EventDate "1996.08.30"]
[PlyCount "93"]

1.e4 c5 2.Nf3 e6 3.b3 a6 4.Bb2 d6 5.d4 cxd4 6.Nxd4 Nf6 7.Bd3 b6 8.O-O Bb7 
9.Nd2 Nbd7 10.f4 g6 11.e5 dxe5 12.fxe5 Nxe5 13.Nxe6 fxe6 14.Bxe5 Bc5+ 15.
Kh1 O-O 16.Qe2 Bd5 17.Rad1 Qe7 18.Bxf6 Rxf6 19.Rxf6 Qxf6 20.Ne4 Bxe4 21.
Qxe4 Rf8 22.Bxa6 Qf5 23.Qxf5 exf5 24.Bb7 g5 25.g3 f4 26.Rf1 Be3 27.Bd5+ 
Kg7 28.Kg2 b5 29.a3 Rd8 30.Rd1 Kf6 31.Kf3 Ke5 32.c4 bxc4 33.bxc4 Rd6 34.
Ra1 Rh6 35.Ra2 Bg1 36.Re2+ Kd6 37.h4 gxh4 38.gxf4 h3 39.Kg4 h2 40.Bh1 Rg6+
41.Kf5 Rg3 42.Ra2 Kc5 43.a4 Kxc4 44.a5 Kb5 45.a6 Ba7 46.Rxh2 Kxa6 47.Rxh7 
1/2-1/2

[Event "24th ECh U20"]
[Site "Siofok HUN"]
[Date "1996.??.??"]
[Round "7"]
[White "Mchedlishvili, Mikheil"]
[Black "Antoniewski, Rafal"]
[Result "1/2-1/2"]
[WhiteElo "2370"]
[BlackElo "2350"]
[EventDate "1996.08.30"]
[PlyCount "46"]

1.d4 Nf6 2.c4 g6 3.Nc3 Bg7 4.e4 d6 5.Nf3 O-O 6.Be2 e5 7.d5 a5 8.Be3 Na6 9.
Nd2 Bd7 10.a3 Qe8 11.b3 h5 12.f3 Nh7 13.Rb1 Qe7 14.Qc2 Bf6 15.O-O Bg5 16.
Bf2 h4 17.Bd3 Nf6 18.Ne2 Nh5 19.b4 axb4 20.axb4 Nf4 21.Nxf4 Bxf4 22.Rfd1 
Qg5 23.Bf1 Bg3 1/2-1/2

[Event "24th ECh U20"]
[Site "Siofok HUN"]
[Date "1996.??.??"]
[Round "7"]
[White "Praet, Maarten"]
[Black "Hausrath, Daniel"]
[Result "0-1"]
[WhiteElo "2235"]
[BlackElo "2440"]
[EventDate "1996.08.30"]
[PlyCount "78"]

1.e4 g6 2.d4 Bg7 3.Nf3 d6 4.Bc4 Nf6 5.Qe2 c6 6.e5 dxe5 7.dxe5 Nd5 8.Bd2 
Nd7 9.Bxd5 cxd5 10.e6 fxe6 11.Bc3 Nf6 12.Nbd2 Bd7 13.O-O O-O 14.Rfe1 Nh5 
15.Ne5 Nf4 16.Qe3 Bc6 17.Ndf3 Qd6 18.Bd4 Rac8 19.g3 Nh5 20.c3 b6 21.Ng5 
Be8 22.a4 h6 23.Ngf3 Nf6 24.a5 Ne4 25.axb6 axb6 26.h4 {[#]} 26...Rxf3 27.
Nxf3 e5 28.Bxb6 Rb8 29.Ba5 Rxb2 30.Bb4 Qf6 31.Re2 Rb3 32.Qd3 Bc6 33.Ra6 
Nxg3 34.Rxe5 Ne4 35.Bxe7 Qf4 36.Rxc6 Bxe5 37.Bc5 Qg4+ 38.Kf1 Qh3+ 39.Kg1 
Bh2+ 0-1

[Event "24th ECh U20"]
[Site "Siofok HUN"]
[Date "1996.??.??"]
[Round "7"]
[White "Lehmann, Zoltan"]
[Black "Soln, Primoz"]
[Result "1-0"]
[WhiteElo "2285"]
[BlackElo "2330"]
[EventDate "1996.08.30"]
[PlyCount "47"]

1.d4 d5 2.c4 e6 3.Nf3 c6 4.e3 Nf6 5.Nbd2 Nbd7 6.Bd3 Be7 7.O-O O-O 8.Qc2 
Qc7 9.b3 b6 10.Bb2 Bb7 11.Ne5 c5 12.cxd5 Bxd5 13.Nxd7 Qxd7 14.e4 Bb7 15.e5
Nd5 16.Bxh7+ Kh8 17.Be4 Nb4 18.Qd1 Bxe4 19.Nxe4 cxd4 20.Qh5+ Kg8 21.Rad1 
Qb5 22.Bxd4 Rfd8 23.Qg4 Rd5 24.Nc3 1-0